| 000 | 01261cam a2200349 i 4500 | ||
|---|---|---|---|
| 999 |
_c200429459 _d47383 |
||
| 001 | 200429459 | ||
| 003 | TR-AnTOB | ||
| 005 | 20230712001145.0 | ||
| 007 | ta | ||
| 008 | 860903s1984 tu 000 0 tur d | ||
| 040 |
_aWAU _beng _erda _cWAU _dBGZ _dTR-AnTOB |
||
| 041 | 0 | _atur | |
| 050 | 0 | _aDR590.K4 | |
| 090 |
_aDR590.K4 _bC864 1984 |
||
| 245 | 1 | 0 |
_aCumhurbaşkanı Gazi M. Kemal Paşa'nın sonbahar gezileri / _cgünümüz diline ve yeni harflere çeviren Nuri Onat. |
| 246 | _aCumhurbaşkanı Gazi Mustafa Kemal Paşa'nın sonbahar gezileri | ||
| 246 | _aGazi Mustafa Kemal | ||
| 246 | _aGazi Mustafa Kemal Paşa | ||
| 264 | 1 |
_aİstanbul : _bÇağdaş Yayınları, _c1984. |
|
| 300 |
_a158 pages ; _c20 cm |
||
| 336 |
_atext _2rdacontent _btxt |
||
| 337 |
_aunmediated _2rdamedia _bn |
||
| 338 |
_avolume _2rdacarrier _bnc |
||
| 490 | 0 |
_aÇağdaş Yayınları. _aTarih, Anı, Gezi, Olay Dizisi ; _v36 |
|
| 590 | _aDonated by Levent Kuşoğlu | ||
| 600 | 1 | 0 |
_aAtatürk, Mustafa Kemal _d1881-1938 _920781 |
| 651 | 0 |
_aTurkey _xPolitics and government _y1918-1960 _999522 |
|
| 651 | 0 |
_aTürkiye _xSiyaset ve yönetim _y1918-1960 _986916 |
|
| 700 | 1 |
_aOnat, Nuri _etranslator _9119711 |
|
| 942 |
_2lcc _cBK |
||